000 00546nam a22001817a 4500
999 _c18415
_d18415
008 200805b xxu||||| |||| 00| 0 eng d
020 _a0071780289
050 _aTK5105.59
_b.M33 2012 c.1
100 _aMcClure, Stuart
245 _aHacking 7 Exposed
_bNetwork Security Secrets and Solutions
_cStuart McClure
260 _aNew York
_bMcGrawHill
_c2012
300 _axxiv, 741p.
650 _aComputer networks
_vSecurity measures
650 _aComputer security
700 _aJoel Scambray
700 _ageorge Kurtz
942 _2lcc
_cBK